000 00404nam a2200169Ia 4500
005 20140402153912.0
008 140130s9999 xx 000 0 und d
050 _aPZ 7
_b.L345G2 2003
245 _cLasky, Kathryn
_aJourney, the (lasky)
260 _bScholastic,
_c2003
300 _a241 p. :
_c21 cm.
440 _v1
_931174
521 _aG5
526 _c750
942 _cBK
_2lcc
999 _c41089
_d41089